ბათუმის შოთა რუსთაველის სახელმწიფო უნივერსიტეტის ბიბლიოთეკა

მუნიციპალური მომსახურების მიწოდების გაუმჯობესება. სამუშაოს შესრულების მენეჯმენტის სახელმძღვანელო ადგილობრივი თვითმმართველობისათვის. (ბიბ.ჩანაწერი № 34923)

000 -LEADER
fixed length control field 01221nam a2200229Ia 4500
001 - CONTROL NUMBER
control field 751
003 - CONTROL NUMBER IDENTIFIER
control field GE_BSU
008 - FIXED-LENGTH DATA ELEMENTS--GENERAL INFORMATION
fixed length control field 181216s||||||||xx |||||||||||||| ||und||
040 ## - CATALOGING SOURCE
Transcribing agency GE_BSU
080 ## - UNIVERSAL DECIMAL CLASSIFICATION NUMBER
Universal Decimal Classification number 94(479.22),,19''
100 ## - MAIN ENTRY--PERSONAL NAME
Personal name ჯაყელი, ქეთი
245 ## - TITLE STATEMENT
Title მუნიციპალური მომსახურების მიწოდების გაუმჯობესება. სამუშაოს შესრულების მენეჯმენტის სახელმძღვანელო ადგილობრივი თვითმმართველობისათვის.
245 ## - TITLE STATEMENT
Statement of responsibility, etc. რედ:სარა პოლენ, ნანა ფალავანდიშვილი. მთარგ. ოთარ ჟღენტიი
260 ## - PUBLICATION, DISTRIBUTION, ETC.
Place of publication, distribution, etc. თბილისი
260 ## - PUBLICATION, DISTRIBUTION, ETC.
Date of publication, distribution, etc. 2006
300 ## - PHYSICAL DESCRIPTION
Extent 183 გვ.
300 ## - PHYSICAL DESCRIPTION
Accompanying material დისკი
653 ## - INDEX TERM--UNCONTROLLED
Uncontrolled term მენეჯმენტის სახელმძღვანელო
653 ## - INDEX TERM--UNCONTROLLED
Uncontrolled term მუნიციპალური მომსახურების მიწოდების გაუმჯობესება
942 ## - ADDED ENTRY ELEMENTS (KOHA)
Koha item type წიგნი
ეგზემპლარები
Withdrawn status Lost status Damaged status Not for loan Date acquired Barcode Date last seen Price effective from Koha item type
        2018-12-17 998 2018-12-17 2018-12-17 წიგნი